00924 2200217 4500001002100000005001500021035002000036007000300056008004100059020001800100082001100118084001700129100001700146245005500163250001100218260002800229300002100257700001700278520039500295990001600690INLIS00000000000015620260526020741 a0010-0526000044ta260526 0 ind  a9786024200923 a297.57 a297.57 DEW a0 aDewi Mulyani1 aAku Pandai Bersyukur :bAsy-Syakur /cDewi Mulyani aCet. I aBandung :bMizan,c2017 a20 hlm. :bIlus.0 aNalar Studio aBuku Aku Pandai Bersyukur mengajarkan anak-anak untuk selalu bersyukur atas nikmat yang diberikan Allah SWT. Melalui cerita sederhana dan ilustrasi menarik, buku ini membantu anak memahami pentingnya menghargai keluarga, kesehatan, teman, dan berbagai hal baik dalam kehidupan sehari-hari. Buku ini menanamkan nilai rasa syukur, sikap positif, dan kebiasaan berterima kasih sejak usia dini. a00000000184